| 000 | 00664nam a22002177a 4500 | ||
|---|---|---|---|
| 999 |
_c14810 _d14810 |
||
| 003 | AR-CdUCM | ||
| 008 | 190424b ||||| |||| 00| 0 spa d | ||
| 020 | _a978-607-404-906-0 | ||
| 040 |
_aMUNICIPALIDAD PROVINCIAL DEL CUSCO _cBIBLIOTECA MUNICIPAL DEL CUSCO |
||
| 082 |
_aPI / 803 / _bS93 |
||
| 110 |
_aSilver dolphin, _933679 |
||
| 245 | _a¡Los renos! un cuento de navidad / | ||
| 260 |
_aMexico : _bSilver dolphin, _c2013. |
||
| 300 |
_bilustraciones, graficos, dibujos _c30 cm. |
||
| 500 | _aLiteratura infantil | ||
| 650 |
_aLiteratura _983 |
||
| 650 |
_aHistoria _9136 |
||
| 650 |
_aInfantil _96210 |
||
| 942 |
_2ddc _cLIBROS |
||
| 945 |
_apjha _d2019-04-24 |
||